Испытание силовых конденсаторных установок

Λεπτομέρειες βιβλιογραφικής εγγραφής
Κύριος συγγραφέας: Новодворец Л.А. Лазарь Аронович
Γλώσσα:Ρωσικά
Έκδοση: Москва, Энергия, 1971
Σειρά:Библиотека электромонтера
Θέματα:
Μορφή: MixedMaterials Βιβλίο
KOHA link:https://koha.lib.tpu.ru/cgi-bin/koha/opac-detail.pl?biblionumber=87013

MARC

LEADER 00000nam0a2200000 4500
001 87013
005 20231031102005.0
035 |a (RuTPU)RU\TPU\book\93432 
090 |a 87013 
100 |a 20051203d1971 km y0rusy50 ca 
101 0 |a rus 
102 |a RU 
105 |a a z 001zy 
200 1 |a Испытание силовых конденсаторных установок  |f Л.А. Новодворец 
210 |a Москва  |c Энергия  |d 1971 
215 |a 64 с.  |c ил. 
225 1 |a Библиотека электромонтера  |h Вып. 342 
320 |a Библиогр.: с. 63 
610 1 |a электротехника 
610 1 |a электрические конденсаторы 
610 1 |a силовые конденсаторы 
610 1 |a конденсаторные установки 
610 1 |a испытание 
675 |a 621.319.4  |v 3 
700 1 |a Новодворец  |b Л.А.  |g Лазарь Аронович 
801 1 |a RU  |b 63413507  |c 20051203  |g PSBO 
801 2 |a RU  |b 63413507  |c 20060116  |g PSBO 
942 |c BK